000 00266nam a2200109Ia 4500
008 230320s9999||||xx |||||||||||||| ||spa||
082 _a868.66/G68
100 _aGomez De La Serna, Ramon
245 0 _aEl Caballero Del Hongo Gris
260 _bSALVAT
942 _80
_cLIB
999 _c32276
_d32276